04420nam a22004575i 4500001001800000003000900018005001700027007001500044008004100059020003700100024003500137050001200172072001500184072002300199082001400222100003400236245015100270264006700421300006600488336002600554337002600580338003600606347002400642505131900666520160501985650002103590650002303611650001603634650001703650650002103667650001703688650002303705650003503728700003003763710003403793773002003827776003603847856004803883912001403931999001703945978-1-4614-8724-1DE-He21320140220082502.0cr nn 008mamaa131024s2014 xxu| s |||| 0|eng d a97814614872419978-1-4614-8724-17 a10.1007/978-1-4614-8724-12doi 4aCC1-960 7aHD2bicssc 7aSOC0030002bisacsh04a930.12231 aGnecco, Cristóbal.eeditor.10aAgainst Typological Tyranny in Archaeologyh[electronic resource] :bA South American Perspective /cedited by Cristóbal Gnecco, Carl Langebaek. 1aNew York, NY :bSpringer New York :bImprint: Springer,c2014. aXVIII, 236 p. 30 illus., 6 illus. in color.bonline resource. atextbtxt2rdacontent acomputerbc2rdamedia aonline resourcebcr2rdacarrier atext filebPDF2rda0 aAgainst typological tyranny. Cristóbal Gnecco and Carl Langebaek -- Social complexity in ancient Amerindian societies: perspectives from the Brazilian lowlands. Cristiana Barreto -- Blind men and an elephant: exchange systems and sociopolitical organizations in the Orinoco basin and neighboring areas in pre-Hispanic times. Rafael Gassón -- Palenques and palisades: a revision of social complexity issues in contact- period eastern Venezuela. Rodrigo Navarrete -- Agricola est quem domus demonstrate. Alejandro Haber -- Social space and the archaeology of inequality: insights into social differences at Ambato valley, southern Andes, Argentina. Andrés Laguens -- Poor chiefs: corporate dimensions of pre-Inca society in the southern Andes. Axel Nielsen -- Against the domain of master narratives: archaeology and Antarctic history. María Ximena Senatore and Andres Zarankin -- Testing a model of site location in the Alto Magdalena, Colombia. Víctor González -- Children of the creeks: cultural characterization of Nasa politics. Wilhelm Londoño -- On hybrids recently unleashed. Cristóbal Gnecco -- The role of place-making in chiefdom societies. Hope Henderson -- Words, things and text: El Infiernito, archaeology, documents and ethnology in the study of Muisca society. Carl Henrik Langebaek. aThe papers in this book question the tyranny of typological thinking in archaeology through case studies from various South American countries (Venezuela, Colombia, Bolivia, Argentina, and Brazil) and Antarctica. They aim to show that typologies are unavoidable (they are, after all, the way to create networks that give meanings to symbols) but that their tyranny can be overcome if they are used from a critical, heuristic and non-prescriptive stance: critical because the complacent attitude towards their tyranny is replaced by a militant stance against it; heuristic because they are used as means to reach alternative and suggestive interpretations but not as ultimate and definite destinies; and non-prescriptive because instead of using them as threads to follow they are rather used as constitutive parts of more complex and connective fabrics. The papers included in the book are diverse in temporal and locational terms. They cover from so called Formative societies in lowland Venezuela to Inca-related ones in Bolivia; from the coastal shell middens of Brazil to the megalithic sculptors of SW Colombia. Yet, the papers are related. They have in common their shared rejection of established, naturalized typologies that constrain the way archaeologists see, forcing their interpretations into well known and predictable conclusions. Their imaginative interpretative proposals flee from the secure comfort of venerable typologies, many suspicious because of their association with colonial political narratives. Instead, the authors propose novel ways of dealing with archaeological data. 0aSocial sciences. 0aRegional planning. 0aHumanities. 0aArchaeology.14aSocial Sciences.24aArchaeology.24aCultural Heritage.24aRegional and Cultural Studies.1 aLangebaek, Carl.eeditor.2 aSpringerLink (Online service)0 tSpringer eBooks08iPrinted edition:z978146148723440uhttp://dx.doi.org/10.1007/978-1-4614-8724-1 aZDB-2-SHU c92231d92231